| 000 | 01013cab a2200193 4500 | ||
|---|---|---|---|
| 001 | L130362 | ||
| 008 | 050721n2005 000 0 eng u | ||
| 035 | _a(Sirsi) u130362 | ||
| 041 | _aeng | ||
| 100 | _aCockram, Richard | ||
| 245 | _aCollateral damage | ||
| 260 | _c2005 | ||
| 490 |
_aProperty Week _v70(28) 15 July 2005, 80-81(2) |
||
| 520 | _aReports on the Contracts (Rights of Third Parties) Act 1999 which provides an alternative to collateral warranties. The Act enables a funder, tenant or buyer of a new development to enforce key parts of the building contract between the developer and the main contractor. This gives funders, buyers and tenants a guarantee that they could claim damages from the main contractors and their subcontractors for defects that emerge some years after the completion of the job. | ||
| 590 | _aIKA020805 | ||
| 650 | _aCONTRACTS (RIGHTS OF THIRD PARTIES) ACT 1999 | ||
| 690 | _aBUILT ENVIRONMENT-CONSTRUCTION MANAGEMENT-BUILDING CONTRACT ADMINISTRATION | ||
| 942 | _n0 | ||
| 999 |
_c75577 _d75577 |
||